[Event "CAMPEONATO PANAMERICANO-CONTINENTAL ABSOLUTO 2010"
[Site "Cali, Departamento del Valle del Cauca"]
[Date "2010.11.22"]
[Round "9"]
[Board "1"]
[White "Cuellar, Diego"]
[Black "Manrique, Fernando"]
[Result "1-0"]
[WhiteElo "2133"]
[BlackElo "1964"]
[PlyCount "95"]
[EventDate "2010.11.17"]
[EventRounds "9"]
[EventCountry "COL"]

1.e4 e5 2.Nf3 Nc6 3.d4 exd4 4.Nxd4 Nf6 5.Nxc6 bxc6 6.e5 Qe7 7.Qe2 Nd5 8.c4 Qb4+
9.Nd2 Nf4 10.Qe4 Ne6 11.a3 Qb6 12.b4 Qd4 13.Qxd4 Nxd4 14.Bd3 c5 15.Bb2 Bb7
16.O-O Ne6 17.b5 a6 18.g3 h5 19.a4 h4 20.Be4 Bxe4 21.Nxe4 Be7 22.f4 hxg3 23.hxg3
axb5 24.axb5 O-O 25.Kg2 Rfd8 26.Rfd1 Rxa1 27.Bxa1 Kf8 28.Rh1 Kg8 29.Rd1 Kf8
30.Bc3 Ke8 31.Re1 Ra8 32.Ra1 Rxa1 33.Bxa1 g6 34.Kf3 Kd8 35.g4 Ke8 36.Bb2 Kd8
37.Bc3 Ke8 38.Bd2 Nd4+ 39.Ke3 Kd8 40.Bc3 Ne6 41.f5 gxf5 42.gxf5 Nd4 43.Bxd4
cxd4+ 44.Kxd4 Kc8 45.f6 Ba3 46.Ng5 d6 47.Nxf7 dxe5+ 48.Nxe5

[Event "CAMPEONATO PANAMERICANO-CONTINENTAL ABSOLUTO 2010"
[Site "Cali, Departamento del Valle del Cauca"]
[Date "2010.11.22"]
[Round "9"]
[Board "1"]
[White "Castrillon Gomez, Melissa"]
[Black "Heredia Serrano, Carla"]
[Result "1/2-1/2"]
[WhiteElo "2013"]
[BlackElo "2087"]
[PlyCount "47"]
[EventDate "2010.11.17"]
[EventRounds "9"]
[EventCountry "COL"]

1.e4 e6 2.d4 d5 3.Nc3 Bb4 4.e5 c5 5.Bd2 cxd4 6.Nb5 Bc5 7.Nf3 Nc6 8.Bf4 Qa5+
9.Nd2 Nge7 10.a3 a6 11.b4 Qd8 12.bxc5 axb5 13.Bxb5 O-O 14.Bxc6 Nxc6 15.O-O Qc7
16.Bg3 Bd7 17.Nb3 Ra4 18.f4 f6 19.Qe2 f5 20.Rfd1 Rfa8 21.Bf2 Rxa3 22.Rxa3 Rxa3
23.Nxd4 Nxd4 24.Bxd4

[Event "CAMPEONATO PANAMERICANO-CONTINENTAL ABSOLUTO 2010"
[Site "Cali, Departamento del Valle del Cauca"]
[Date "2010.11.22"]
[Round "9"]
[Board "1"]
[White "Fernandez, Jaime"]
[Black "Herrera, Juan Sebastian"]
[Result "0-1"]
[WhiteElo "2015"]
[BlackElo "2125"]
[PlyCount "76"]
[EventDate "2010.11.17"]
[EventRounds "9"]
[EventCountry "COL"]

1.e4 c5 2.Nf3 e6 3.d4 cxd4 4.Nxd4 a6 5.Bd3 Nc6 6.Nxc6 dxc6 7.O-O e5 8.Be3 Nf6
9.h3 Bd6 10.Nc3 Qe7 11.Na4 Be6 12.c4 Nd7 13.Rc1 Nc5 14.Bb1 O-O 15.a3 Rfd8 16.Qc2
Nxa4 17.Qxa4 b5 18.cxb5 axb5 19.Qc2 Bc4 20.Rfd1 Qe6 21.Qc3 Bc7 22.Bc5 f6 23.Bd3
Ra4 24.Bb4 Rd4 25.Bc2 Ra8 26.b3 Be2 27.Rxd4 exd4 28.Qxd4 Rd8 29.Qe3 Bh5 30.a4
Be5 31.Bc3 Bc7 32.Re1 Bf7 33.Rd1 Rxd1+ 34.Bxd1 Qd6 35.Qf3 bxa4 36.bxa4 Qh2+
37.Kf1 Bc4+ 38.Ke1 Bf4

[Event "CAMPEONATO PANAMERICANO-CONTINENTAL ABSOLUTO 2010"
[Site "Cali, Departamento del Valle del Cauca"]
[Date "2010.11.22"]
[Round "9"]
[Board "1"]
[White "Avellaneda Arevalo, Ronald"]
[Black "Ospina Loaiza, Jhonny"]
[Result "0-1"]
[WhiteElo "1965"]
[BlackElo "2002"]
[PlyCount "58"]
[EventDate "2010.11.17"]
[EventRounds "9"]
[EventCountry "COL"]

1.e4 e5 2.Nf3 Nc6 3.Bb5 Bc5 4.O-O Nf6 5.Nxe5 Nxe5 6.d4 Bb6 7.dxe5 Nxe4 8.Qg4 c6
9.Qxe4 cxb5 10.Nc3 a6 11.Nd5 O-O 12.Be3 Bxe3 13.fxe3 b6 14.Nf6+ gxf6 15.Qxa8
fxe5 16.Qd5 Qc7 17.Rf3 Bb7 18.Rg3+ Kh8 19.Qd3 f5 20.Rf1 f4 21.exf4 Qc5+ 22.Kh1
exf4 23.Rh3 Rf7 24.Rxf4 Bxg2+ 25.Kxg2 Qg5+ 26.Rg3 Qxf4 27.Qc3+ Qf6 28.Qc8+ Rf8
29.Qxd7 Qf1#